000 00446nam a2200157 4500
001 121837
003 ES-MaACL
005 20230906191834.0
007 t|
008 070214n19001999po r ||||1| fre d
100 1 _aPloncard d'Assac, Jacques.
_992662
245 1 2 _aL'Afrique traie /
_cJacques Ploncard d'Assac.
260 _aLisbonne :
_bLa voix de l'Occident,
_c[19__?]
300 _a208 p. ;
_c19 cm.
852 _aES-MaACL
_jC-26211
_bR.54973
999 _c121837
_d121837